000 01078naa a22003257a 4500
001 BR7805307
003 BR-BrBNA
005 20240918174214.0
007 ta
008 230509b bl.||||| |||| 00| 0 por d
040 _aBR-BrBNA
_bpor
_cBiblioteca Nacional de Agricultura
041 _a(Pt)
072 _aH60
_b1850
_b3876
_bG514
090 _aH60 BR7805307
100 1 _aFerreira, F.A.
100 1 _aPedrosa, J.F.
100 1 _aCartaxo, F.P.
100 1 _aVaz, R.L.
245 1 _aEfeito de diferentes herbicidas na cultura do tomateiro [Lavras, Minas Gerais, Brasil]
260 3 _aBelo Horizonte, MG (Brasil):
_c1978.
500 _aProjeto olericultura. Relatorio anual 1975/76 Belo Horizonte, MG (Brasil): 1978. p. 218-222 (BR7805307-AM)H60
650 _aTOMATE
650 _aHERBICIDA
650 _aCONTROLE QUIMICO
650 _aLAVRAS
650 _aMINAS GERAIS
773 0 _tProjeto olericultura. Relatorio anual 1975/76
_wH60 BR7805307
_gBelo Horizonte, MG (Brasil), 1978. p. 218-222
909 _a202404
_bLucia
_c55
_dLucia Elande
942 _cAM
_2AGRIS
999 _c309580
_d309580